[Event "FRA-chT3 Gr03 0304"]
[Site "Languedoc Roussillon"]
[Date "2003.12.07"]
[Round "?"]
[White "Andrianirainy, Danielle"]
[Black "Touron, JF."]
[Result "1-0"]
[WhiteElo "1900"]
[BlackElo "1730"]
[PlyCount "119"]
[EventDate "2003.12.07"]
[EventType "team"]
[EventRounds "9"]
[EventCountry "FRA"]
[SourceTitle "EXT 2008"]
[Source "ChessBase"]
[SourceDate "2007.11.25"]
[SourceVersion "1"]
[SourceVersionDate "2007.11.25"]
[SourceQuality "1"]

1. d4 d5 2. c4 c6 3. Nc3 Nf6 4. e3 e6 5. Nf3 Bb4 6. Bd2 0-0 7. a3 Bxc3 8. Bxc3 Ne4 9. Bd3 Nxc3 10. bxc3 Nd7 11. Qc2 Nf6 12. 0-0 b6 13. Ne5 c5 14. cxd5 exd5 15. Qa4 Bd7 16. Nxd7 Qxd7 17. Qxd7 Nxd7 18. Rac1 c4 19. Bc2 Nf6 20. Rb1 Rfe8 21. Rfe1 Re7 22. f3 Rae8 23. Kf2 Kf8 24. h3 g6 25. Re2 Nd7 26. g4 Kg7 27. Ba4 Rf8 28. Bxd7 Rxd7 29. e4 dxe4 30. fxe4 Re8 31. Rb4 Rc7 32. Kf3 Kf6 33. h4 h6 34. Rb5 Rcc8 35. Ke3 g5 36. h5 Rcd8 37. Rf2+ Kg7 38. Rb4 Rc8 39. d5 Rc5 40. Kd4 f6 41. Re2 Rec8 42. a4 Kf7 43. Rb1 Re8 44. Rf1 Ke7 45. e5 fxe5+ 46. Rxe5+ Kd8 47. Rxe8+ Kxe8 48. Rf6 Ra5 49. Rxh6 Rxa4 50. Rg6 Ra1 51. Rxg5 a5 52. Kxc4 Kf7 53. Rg6 Rg1 54. Rxb6 Rxg4+ 55. Kb5 a4 56. Ra6 Rh4 57. c4 Rxh5 58. Rxa4 Ke7 59. Ra7+ Kd8 60. Kc6 1-0